[Event "Deutsche Ländermeisterschaft 2014"]
[Site "Hannover GER"]
[Date "2014.10.07"]
[Round "7"]
[White "Caliebe, Nanke"]
[Black "Bui, Ngoc Han Julia"]
[Result "0-1"]
[Termination "normal"]
[Board "9.7"]
[WhiteElo "1446"]
[BlackElo "1492"]
[WhiteTeam "Team Nord"]
[BlackTeam "Sachsen"]
[PlyCount "80"]
[WhiteFideId "12980528"]
[BlackFideId "12977055"]
[EventCountry "GER"]
[EventRounds "7"]
[EventType "team-swiss"]
[EventDate "2014.10.02"]

1. d4 {[%emt 0:00:00]} Nf6 {[%emt 0:00:00]} 2. c4 g6 3. Nc3 d5 4. Nf3 Bg7 5. e3
O-O 6. Bd3 c5 7. O-O Nc6 8. dxc5 dxc4 9. Bxc4 Qa5 10. h3 Qxc5 11. b3 Rd8 12.
Qe2 a6 13. a4 Bf5 14. Bb2 Rac8 15. Rfd1 Na5 16. Ba3 Qc7 17. Rac1 Nxc4 18. bxc4
Be6 19. c5 Rxd1+ 20. Qxd1 Rd8 21. Qe2 Nd5 22. Ne4 Bd7 23. Qc4 Bc6 24. Qc2 Nf6
25. Nxf6+ Bxf6 26. Rb1 Qd7 27. Bb2 Bxa4 28. Qc4 Bb5 29. Qb3 Bxb2 30. Qxb2 Bc6
31. Nd4 Bd5 32. Qb6 Rc8 33. f3 e5 34. Nb3 Qc6 35. Na5 Qxc5 36. Nxb7 Bxb7 37.
Qxb7 Qxe3+ 38. Kh2 Qf4+ 39. g3 Rc2+ 40. Kg1 Qxg3+ 0-1

[Event "Deutsche Ländermeisterschaft 2014"]
[Site "Hannover GER"]
[Date "2014.10.07"]
[Round "7"]
[White "Von Jan, Lena"]
[Black "Wolterink, Jule"]
[Result "1-0"]
[Termination "normal"]
[Board "9.8"]
[WhiteElo "1335"]
[BlackElo "1003"]
[WhiteTeam "Sachsen"]
[BlackTeam "Team Nord"]
[PlyCount "73"]
[WhiteFideId "12946060"]
[BlackFideId "12981206"]
[EventCountry "GER"]
[EventRounds "7"]
[EventType "team-swiss"]
[EventDate "2014.10.02"]

1. e4 e6 2. d4 d5 3. Nc3 Nf6 4. e5 Nfd7 5. Nce2 c5 6. c3 Nc6 7. f4 Qb6 8. Nf3
Be7 9. a3 c4 10. Qc2 f6 11. Ng3 Ndb8 12. Be3 Bd7 13. Bf2 Na6 14. Be2 Na5 15.
Rb1 Nb3 16. O-O O-O-O 17. Nd2 Ba4 18. Nxb3 Qxb3 19. Qxb3 Bxb3 20. Rfe1 Kb8 21.
exf6 Bxf6 22. Bg4 Rhf8 23. Bxe6 Ka8 24. Be3 Bh4 25. Bg4 Rde8 26. Bd2 Rd8 27.
Bd1 Bxd1 28. Rbxd1 Nc7 29. Bc1 Rde8 30. Rxe8+ Rxe8 31. Nf5 g6 32. Nxh4 Ne6 33.
Re1 a5 34. f5 Ng7 35. Rxe8+ Nxe8 36. fxg6 hxg6 37. Nxg6 1-0